000 00541nam a22001937a 4500
003 KOHA_MİRAKIL
005 20251218080425.0
008 251218b tu ||||| |||| 00| 0 tur d
020 _a9786054778997
040 _aTR-AnABB
_btur
_cTR-AnABB
041 _atur
082 _a378.12092
_bKEM 2016
100 1 _aGülersoy,Nuran Zeren,
245 1 0 _aKemal Ahmet Arû /
_cNuran Zeren Gülersoy
260 _aİstanbul :
_bİTÜ Vakfı Yayınları,
_c2016
300 _a456 sayfa ;
_c30 cm
650 0 4 _aBiyografi
942 _2ddc
_cBK
999 _c9739
_d9739
900 _bGizem YORULMAZ